« Retourner aux résultats de recherche
Pour oublier la nuit
| Auteur principal: | Françoise Bourdon |
|---|---|
| Support: | Livres |
| Langue: | Francais |
| Publié: |
2021 Calmann-Lévy Paris |
| Genre: |
Roman |
| Sujets: | |
| Étiquettes: |
Ajouter
Pas de Tags !
|
| LEADER | 01502nam0a2200169 450 | ||
|---|---|---|---|
| 001 | 16836700 | ||
| 010 | |a 978-2-7021-6737-3 |b Br. |d 20,5 | ||
| 100 | |a 20210427d2021 u u0frey01 ba | ||
| 101 | 0 | |a fre | |
| 200 | 0 | |a Pour oublier la nuit |f Françoise Bourdon | |
| 207 | 1 | |a | |
| 210 | |a Paris |b 3 Rue Auber. |c Calmann-Lévy |d 2021 | ||
| 330 | |a La jeune et fougueuse Julie vit auprès de son père dans la demeure ancestrale des Ségurat, maîtres faïenciers à Moustiers- Sainte-Marie en Haute-Provence. La perte de sa mère, Livia, lors de lépidémie de peste de 1720, reste une blessure inguérissable qui se ravive lorsquon lui remet, le jour de ses vingt-ans, le récit que celle-ci a laissé de sa courte existence. Livia, une orpheline, y révèle avoir été manipulée par des aristocrates aixois qui ont fait delle linstrument dune conspiration diabolique. Elle est parvenue à échapper, à ses bourreaux mais a vécu jusquà son dernier souffle dans la crainte de retomber entre leurs mains. Lintrépide Julie na plus quune idée en tête, rejoindre Aix-en- Provence pour venger sa mère. Elle ne sait pas encore quelle sattaque à des hommes fortunés et puissants. Elle a cependant des atouts qui ne seront pas de trop : son adresse à lescrime et son habileté au pistolet . | ||
| 700 | 0 | |a Bourdon |b Françoise |f 1953-.... |4 70 | |
| 900 | |a Roman | ||
| 901 | |a Accessible au prêt | ||
| 995 | |a Bibliothèque |c Bibliothèque |f 024021398 |h 024021398 |k R BOU |o p |q a |r az |e Bibliothèque | ||
